| 000 | 02129cam a22003974i 4500 | ||
|---|---|---|---|
| 003 | PE-LiUPU | ||
| 005 | 20250731175635.0 | ||
| 008 | 150625s2007 xxu r 000 0 eng d | ||
| 020 | _a1589830598 | ||
| 035 | _a(Sirsi) i9781589830592 | ||
| 040 |
_aPE-LiUPU _bspa _cPE-LiUPU _erda |
||
| 049 | _aPRUA | ||
| 082 | 0 | 4 |
_a492.29 _bG81 _221 |
| 100 | 1 |
_aGreenspahn, Frederick E., _eautor. |
|
| 245 | 1 | 0 |
_aAn introduction to aramaic / _cFrederick E. Greenspahn. |
| 264 | 1 |
_aAtlanta, Georgia : _bSociety of Biblical Literature, _c2007. |
|
| 300 |
_a281 páginas ; _c28 centímetros |
||
| 336 |
_atext _2rdacontent |
||
| 337 |
_aunmediated _2rdamedia |
||
| 338 |
_avolume _2rdacarrier |
||
| 505 | 0 | _aIntroduction -- A brief history of aramaic -- The aramaic language -- Consonants -- Volwels -- Nouns, definite article -- Verb system -- G perfect -- G Participle -- Vocabulary -- Independent pronouns -- Prepositions -- Pronominal suffixes -- Demostrative, relative, and interrogative pronouns -- G.Imperfect -- Adjectives and genitive constructions -- Numbers -- G Imperative -- and infinitive -- D. Conjugation -- Weak verbs (Initial and Gutturals, hollw verbs fiñnal and geminates) -- Unusual verbs -- Syntax -- Passive conjugations -- Reflexive conjugations -- Other conjugations -- Daniel 7:1-28 -- Inscripton: Bar Rakib, Uzziah, Ein Gedi Synagogue -- Letters: Elepantine and bar kochba -- Midrash: genesis rabbah -- Targum: pseudo-Jonthan -- Aftrword -- Paradigms. | |
| 526 | _aP145 | ||
| 526 | _aP127 | ||
| 526 | _aP97 | ||
| 526 | _aP35 | ||
| 526 | _aP14 | ||
| 526 | _aP07 | ||
| 630 |
_aBiblia. _pA.T. _xLenguaje, estilo. |
||
| 650 | 0 | 4 | _aLenguaje arameo. |
| 942 |
_2ddc _cBOOK |
||
| 949 |
_a492.29 G81 _wDEWEY _c1 _i59273 _lCCODEBUL1 _mBUL _r0 _sY _tBOOK _u2015-6-25 _xTEOLOGIA _PP35 _0COMPRA _o.STAFF. Colección Teología |
||
| 994 |
_aC0 _bPEPRU |
||
| 596 | _a1 | ||
| 999 |
_a492.29 G81 _wDEWEY _c48060 _i59273 _f2021-11-11 _g5 _lCCODEBUL1 _mBUL _p30.00 _r0 _sY _tBOOK _u2015-6-25 _xTEOLOGIA _PP35 _0COMPRA _o.STAFF. Colección Teología _d48060 |
||
| 980 |
_81 _gALBERTO SANCHEZ Responsable de Automatización |
||